| 000 | 00986cam a22002897a 4500 | ||
|---|---|---|---|
| 001 | 14508623 | ||
| 003 | ARRUPE | ||
| 005 | 20211013112623.0 | ||
| 008 | 060819s2006 nyu 000 0 eng d | ||
| 010 | _a 2006297514 | ||
| 020 | _a0060841818 (pbk.) | ||
| 020 | _a9780060841812 | ||
| 035 | _a(OCoLC)ocm64549307 | ||
| 040 |
_aJRS _cJRS _dJRS _dBAKER _dDPL _dIP4 _dOCO _dEYE _dDLC |
||
| 042 | _alccopycat | ||
| 050 | 0 | 0 |
_aQ173 _b.W54 2006 |
| 082 | 0 | 4 |
_a500 _222 |
| 245 | 0 | 0 |
_aWhat we believe but cannot prove : _btoday's leading thinkers on science in the age of certainty / _cedited by John Brockman. |
| 250 | _a1st ed. | ||
| 260 |
_aNew York : _bHarper Perennial, _cc2006. |
||
| 300 |
_axvii, 252 p. ; _c21 cm. |
||
| 650 | 0 |
_aScience _vMiscellanea. _917703 |
|
| 700 | 1 |
_aBrockman, John, _d1941- _950268 |
|
| 906 |
_a7 _bcbc _ccopycat _d2 _encip _f20 _gy-gencatlg |
||
| 942 |
_2lcc _cMONOGRAPH |
||
| 999 |
_c130776 _d130776 |
||